000 00880cad a22002055a 4500
001 L152465
008 110310e20110107xxk f 000 0 eng d
035 _a(Sirsi) u152465
041 0 _aeng
110 2 _aMarkit
_95915
245 0 0 _aGrowth of UK construction sector strongest since June 2010
_h[electronic resource]
260 _c2011
490 _aMarkit CIPS UK News Release
_v2 March 2011
520 _aKey points are increased opportunities to tender supported new order expansion, job cuts weakest in eight months, optimism over future business prospects remained well below long-run trend.
590 _aKA
651 4 _aUnited Kingdom
_y
690 _aBUILT ENVIRONMENT-CONSTRUCTION MARKET
856 4 0 _uhttps://www.markiteconomics.com/MarkitFiles/Pages/ViewPressRelease.aspx?ID=7744
_zView this item free of charge at www.markiteconomics.com
942 _n0
999 _c82977
_d82977